000 01019nam a2200241 a 4500
001 39970
003 BD-RjUL
005 20211209053116.0
008 160420r20081997bg ||||| |||| 00| 0 ben d
020 _c: TK 260.00
035 _a(BD-RjUL)40084
040 _aBD-RjUL
_bben
_cBD-RjUL
041 _aben
082 _223
_a320.959
_bVUD 2008
100 _aভুঁইয়া, আবদুল ওদুদ
_9123108
245 1 0 _aদক্ষিণ ও দক্ষিণ-পূর্ব এশিয়া :
_bসমাজ ও রাজনীতি /
_c আবদুল ওদুদ ভুঁইয়া
260 _aঢাকা :
_bআজিজিয়া বুক ডিপো,
_c২০০৮
300 _a[৮], ৪৮০ পৃ. ;
_c২২ সেমি
504 _aগ্রন্থপঞ্জি সম্বলিত
650 _aসরকার ও রাজনীতি
_zদক্ষিণ এশিয়া
_9123109
650 _aGovernment and Politics
_9123110
942 _2ddc
_cBK
999 _c39970
_d39970